Countries Closest to Somalia - One Minute Sprint - Statistics

General Stats
  • This quiz has been taken 59 times
  • The average score is 15 of 20
Answer Stats
km country miles % Correct
0 Ethiopia 0
98%
0 Kenya 0
96%
0 Djibouti 0
91%
117 Eritrea 72
91%
749 Sudan 465
89%
550 Saudi Arabia 341
87%
133 Yemen 83
87%
425 Tanzania 264
85%
666 Uganda 414
85%
597 South Sudan 371
83%
571 Oman 355
77%
1155 Burundi 718
74%
1135 Rwanda 705
74%
1082 Dem Rep Congo 672
70%
1232 Malawi 766
53%
1233 United Arab Emirates 766
49%
1098 Comoros 682
47%
988 Mozambique 614
47%
1209 Seychelles 751
47%
1280 Zambia 795
36%
No matching quizzes found
Score Distribution
Percent of People with Each Score
Percentile by Number Answered
Your Score History
You have not taken this quiz